Účtovná závierka v PÚ pre podnikateľov k 31. decembru 2017
Povinnosť zostavovania účtovnej závierky. Slovenské právne predpisy upravujúce účtovníctvo a účtovnú závierku za rok 2017. Činnosti pred zostavenímm účtovnej závierky. Definície účtovných prípadov ku dňu, ku ktorému sa zostavuje účtovná závierka. Zostavenie riadnej individuálnej účtovnej závierky. R...
Salvato in:
| Autore principale: | |
|---|---|
| Natura: | Capitolo di libro |
| Lingua: | slovacco |
| Soggetti: | |
| Tags: |
Nessun Tag, puoi essere il primo ad aggiungerne!!
|
MARC
| LEADER | 00000naa a2200000 4500 | ||
|---|---|---|---|
| 001 | 0240315 | ||
| 005 | 20180219094623.5 | ||
| 041 | 0 | |a slo | |
| 044 | |a SK | ||
| 245 | 1 | 0 | |a Účtovná závierka v PÚ pre podnikateľov k 31. decembru 2017 |c Ivana Hudecová |
| 520 | |a Povinnosť zostavovania účtovnej závierky. Slovenské právne predpisy upravujúce účtovníctvo a účtovnú závierku za rok 2017. Činnosti pred zostavenímm účtovnej závierky. Definície účtovných prípadov ku dňu, ku ktorému sa zostavuje účtovná závierka. Zostavenie riadnej individuálnej účtovnej závierky. Register účtovných závierok. | ||
| 610 | 2 | 0 | |a účtovníctvo podvojné |
| 610 | 2 | 0 | |a závierka účtovná |
| 610 | 2 | 0 | |a jednotka účtovná |
| 610 | 2 | 0 | |a legislatíva |
| 100 | 1 | |a Hudecová, Ivana | |